000 00254nam a2200097Ia 4500
008 230508s2006 xx 000 0 und d
041 _aeng
100 _aNANASAHEB SALUNKHE
245 _aSHAHUNCHYA ATHAWANI (MARATHI)
260 _bVRUSHALI PRAKASHAN K
_c2006
999 _c312475
_d312475